000 00881nam a2200217Ii 4500
003 JO-AjNU
008 230605s9999||||xx |||||||||||||| ||und||
017 _a2020/6/1553
020 _a978-9957-95-808-4
040 _aJO-AjNU
_bara
_erda
_cJO-AjNU
041 _aara
050 1 4 _aJX4292 2021
100 3 _aحكيم، العمري,
_eauthor
_963851
245 0 0 _aالحماية الدولية للاجئين على ضوء احكام القانون الدولي: دراسة حالة اللاجئين الفلسطينين
264 3 1 _aعمان: دار الايام للنشر والتوزيع، 2021
300 _a397ص
336 _atext
_btxt
_2rdacontent
337 _aunmediated
_bn
_2rdamedia
338 _avolume
_bnc
_2rdacarrier
650 4 _aاللاجئون الفلسطينون-الحماية الدولية-حقوق الانسان-القانون الدولي
_963852
999 _aA28984
_c32552
_d32552